Computer vision and image processing /

Uloženo v:
Podrobná bibliografie
Médium: Kniha
Jazyk:English
Vydáno: London ; New York : Chapman and Hall, 1990.
Témata:
Tagy: Přidat tag
Žádné tagy, Buďte první, kdo otaguje tento záznam!
Thư viện lưu trữ: Mạng thư viện Đại học Đà Nẵng
LEADER 00889cam a2200337 i 4500
001 000049162
003 8895
005 20030311153856.0
008 010322|1990 vm 000 eng
020 |a 0442312083 
040 |a IRC  |c IRC  |d IRC 
041 0 |a eng 
082 1 4 |a 006.37  |b Co-V 
245 0 0 |a Computer vision and image processing /  |c edited by Anthony Barrett. 
260 |a London ; New York :  |b Chapman and Hall,  |c 1990. 
300 |a 304 p. ;  |c 23.5cm. 
630 0 4 |a Digital techniques. 
630 0 4 |a Computer vision. 
630 0 4 |a Image processing. 
650 0 4 |a Image processing  |x Digital techniques. 
650 0 4 |a Computer vision. 
OWN |a DUT 
999 |a From the UDN01 
TYP |a Monograph 
TYP |a Printed language 
980 |a Mạng thư viện Đại học Đà Nẵng